zpět

Detail výsledku týmu

U Lucerny ČT, Brno

Datum a čas kvízu

22 Celkem bodů Celkový počet nahraných bodů na tomto kvízu bez doplňovacích otázek.
11. Pořadí na kvízu Konečné umístění týmu na tomto kvízu.

Zaznamenané odpovědi

# Otázka Odpověď Body Výsledky
1. V pondělí byla v kapli svatého... Vratislav Mynář 1
2. Který stát, jehož premiéra vid... Švédsko 1
3. Minulý týden jsme se dozvěděli... Markéta Irglová 1
4. Česká národní banka oznámila,... 1 000 Kč 1
5. Jaromír Jágr v pátek dorovnal... Karlovy Vary 0
6. Mnemotechnická pomůcka je slov... v chemii 1
7. Uveďte rodová jména dvou hadů,... korálovka (sedlová), korálovec (žlutavý) 0
8. Sám u sebe v hlavě ___ pí čísl... magického 0
9. Uveďte větu o třech slovech, k... Šetři se osle. 1
10. Co má pomoci si zapamatovat vě... struny na kytaře 1